| 000 | 00727nam a22001097a 4500 | ||
|---|---|---|---|
| 008 | 160416b xxu||||| |||| 00| 0 eng d | ||
| 100 | _aLanglois, Maurice | ||
| 245 |
_aCatalogue des estampilles & marques postales d'Alsace et de Lorraine, 1698 a 1870 _bCatalogue des estampilles et marques postales d'Alsace et de Lorraine, 1698 a 1870 |
||
| 260 |
_aAmiens, France _bYvert & Cie, _c1937 |
||
| 650 | _aFrance | Alsace | Lorraine | Alsace-Lorraine | Postal Markings | 1698-1870 | 17th Century | 18th Century | 19th Century | Catalogs and Price Lists | Postal History | Post Offices | Mobile Post Offices | Railway Mail | Military Mail | Postal Routes | Fee Paid Mail | Pre-adhesive Covers | Telegraph Offices | ||
| 700 | _aGilbert, Gerard | ||
| 999 |
_c1899 _d1899 |
||